[Event "4NCL 2012-13"]
[Site "Sunningdale ENG"]
[Date "2012.11.04"]
[Round "2.132"]
[White "Zhou, Yang-Fan"]
[Black "Webb, Richard M"]
[Result "1-0"]
[WhiteTitle "IM"]
[BlackTitle "FM"]
[WhiteElo "2418"]
[BlackElo "2266"]
[WhiteTeam "Guildford"]
[BlackTeam "BCM"]
[WhiteFideId "468584"]
[BlackFideId "404829"]
[EventDate "2012.11.03"]

1. e4 c5 2. Nf3 d6 3. d4 cxd4 4. Nxd4 Nf6 5. Nc3 g6 6. Be3 Bg7 7. f3 O-O 8. Qd2
Nc6 9. O-O-O d5 10. exd5 Nxd5 11. Nxc6 bxc6 12. Bd4 Nxc3 13. Qxc3 Bh6+ 14. Be3
Bxe3+ 15. Qxe3 Qb6 16. Qxe7 Be6 17. Qa3 Rad8 18. Bd3 Rd5 19. b3 Rfd8 20. Rde1
Rd4 21. Re5 R8d5 22. Re2 Qc7 23. g3 Qd7 24. Rhe1 c5 25. Bc4 Rd1+ 26. Kb2 Rxe1
27. Rxe1 Re5 28. Rxe5 Qd4+ 29. Kb1 Qxe5 30. Bxe6 Qe1+ 31. Qc1 Qxe6 32. Qd2 h5
33. a4 Qc6 34. Qc3 Qd5 35. Ka2 Qf5 36. Qd3 Qh3 37. Qe2 Qf5 38. a5 a6 39. Qe4 Qf6
40. f4 Qd8 41. Qe1 Kh7 42. Qc3 Qd6 43. Qe5 Qc6 44. Kb2 Qc8 45. Qf6 Kg8 46. h4
Qb7 47. f5 Kh7 48. Qb6 Qc8 49. f6 g5 50. Qd6 gxh4 51. gxh4 Kg6 52. Qg3+ Kxf6 53.
Qg5+ Ke6 54. Qxh5 f5 55. Qg6+ Ke5 56. Qg7+ Ke4 57. h5 f4 58. h6 f3 59. h7 f2 60.
Qg8 Qxg8 61. hxg8=Q f1=Q 62. Qe6+ Kd4 63. c3+ 1-0

[Event "4NCL 2012-13"]
[Site "Sunningdale ENG"]
[Date "2012.11.04"]
[Round "2.133"]
[White "Coates, Kenneth G"]
[Black "Buckley, Graeme N"]
[Result "1/2-1/2"]
[BlackTitle "IM"]
[WhiteElo "2184"]
[BlackElo "2352"]
[WhiteTeam "BCM"]
[BlackTeam "Guildford"]
[WhiteFideId "409391"]
[BlackFideId "402265"]
[EventDate "2012.11.03"]

1. d4 Nf6 2. Nf3 c5 3. c3 b6 4. Bf4 Bb7 5. e3 Nh5 6. Bg5 h6 7. Bh4 g5 8. Ne5 Nf6
9. Bg3 Bg7 10. Nd2 a6 11. dxc5 bxc5 12. Qb3 Bd5 13. Bc4 e6 14. Bxd5 Nxd5 15. Qb7
Nb6 16. Ndc4 Nxc4 17. Nxc4 Nc6 18. Bc7 Rb8 19. Nd6+ Ke7 20. Bxb8 Qxb8 21. O-O-O
Qxb7 22. Nxb7 Rc8 23. Nxc5 d6 24. Nd3 f5 25. Rhe1 d5 26. Kb1 Rb8 27. Re2 a5 28.
f3 Na7 29. Rc2 Nb5 30. Kc1 Nd6 31. Kd2 Rc8 32. Ke2 h5 33. h3 Nc4 34. Nf2 f4 35.
exf4 gxf4 36. Rd3 Kf6 37. Nd1 Kf5 38. a4 Ne5 39. Rdd2 Nc4 40. Rd3 Ne5 41. Rdd2
Nc4 42. Rd3 1/2-1/2

[Event "4NCL 2012-13"]
[Site "Sunningdale ENG"]
[Date "2012.11.04"]
[Round "2.134"]
[White "Wall, Gavin"]
[Black "Farrand, Tom"]
[Result "1-0"]
[WhiteTitle "IM"]
[WhiteElo "2340"]
[BlackElo "2200"]
[WhiteTeam "Guildford"]
[BlackTeam "BCM"]
[WhiteFideId "2501244"]
[BlackFideId "406457"]
[EventDate "2012.11.03"]

1. e4 c5 2. Nf3 e6 3. c3 Nf6 4. e5 Nd5 5. Na3 Be7 6. Nc4 O-O 7. d4 cxd4 8. Qxd4
f5 9. exf6 Bxf6 10. Qd3 Qc7 11. g3 b5 12. Ncd2 Bb7 13. Rb1 Na6 14. Bg2 Nc5 15.
Qe2 Bxc3 16. bxc3 Nxc3 17. Qe3 Nxb1 18. Nxb1 Nd3+ 19. Ke2 Qc2+ 20. Bd2 Bd5 21.
Na3 Qxa2 22. Qxd3 b4 23. Ng5 g6 24. Bxd5 exd5 25. Nc2 a5 26. Ne3 Rae8 27. h4 Rf5
28. Rc1 b3 29. Kf1 b2 30. Rb1 Rfe5 31. Bc3 Rxe3 32. fxe3 Rxe3 33. Qxe3 Qxb1+ 34.
Kg2 Qc2+ 35. Bd2 Qf5 36. Qe8+ Qf8 37. Qxd7 1-0

[Event "4NCL 2012-13"]
[Site "Sunningdale ENG"]
[Date "2012.11.04"]
[Round "2.135"]
[White "Wadsworth, Matthew J"]
[Black "Osborne, Marcus E"]
[Result "1/2-1/2"]
[WhiteElo "2055"]
[BlackElo "2280"]
[WhiteTeam "BCM"]
[BlackTeam "Guildford"]
[WhiteFideId "415804"]
[BlackFideId "404608"]
[EventDate "2012.11.03"]

1. e4 e6 2. d4 d5 3. Nd2 Nf6 4. e5 Nfd7 5. Bd3 c5 6. c3 Nc6 7. Ne2 Qb6 8. Nf3
cxd4 9. cxd4 f6 10. exf6 Nxf6 11. O-O Bd6 12. b3 O-O 13. Bf4 Bxf4 14. Nxf4 Ne4
15. Ne2 Bd7 16. Ng3 Nxg3 17. hxg3 Be8 18. Re1 Rf6 19. g4 Rf4 20. Rxe6 Bd7 21.
Rd6 Bxg4 22. Qd2 Raf8 23. Be2 Bxf3 24. Bxf3 Rxd4 25. Qe3 Qb4 26. Rxd5 Rdf4 27.
Rad1 Qa3 1/2-1/2

[Event "4NCL 2012-13"]
[Site "Sunningdale ENG"]
[Date "2012.11.04"]
[Round "2.136"]
[White "Sharpe, Ian W"]
[Black "Richardson, Keith B"]
[Result "0-1"]
[WhiteElo "2244"]
[BlackElo "2115"]
[WhiteTeam "Guildford"]
[BlackTeam "BCM"]
[WhiteFideId "411973"]
[BlackFideId "410152"]
[EventDate "2012.11.03"]

1. Nf3 g6 2. g3 Bg7 3. c4 Nf6 4. Bg2 O-O 5. O-O d6 6. d4 Nc6 7. Nc3 e5 8. h3 a6
9. Be3 Rb8 10. Rc1 exd4 11. Nxd4 Nxd4 12. Bxd4 c5 13. Be3 b5 14. Bf4 Rb6 15. b3
Be6 16. Nd5 Nxd5 17. cxd5 Bd7 18. Qd2 Re8 19. Kh2 b4 20. Bf3 Bb5 21. Rfe1 Qf6
22. Kg2 Qd4 23. h4 a5 24. Qc2 Qb2 25. Qxb2 Bxb2 26. Rc2 Bc3 27. Bd2 Bf6 28. Bf4
Bd3 29. Rcc1 Bc3 30. Rxc3 bxc3 31. Kf1 Be4 32. Rc1 c2 33. Bxe4 Rxe4 34. Rxc2 Rd4
35. Rd2 Rxd2 36. Bxd2 Ra6 37. e4 Kf8 38. Ke2 Ke7 39. Kd3 a4 40. Kc4 axb3 41.
Kxb3 c4+ 42. Kb2 f5 43. f3 fxe4 44. fxe4 Ra4 45. Bc3 Kd7 46. e5 dxe5 47. Bxe5
Ra5 48. Kc3 Rxd5 49. Bd4 Ra5 50. Kxc4 Rxa2 51. Kd5 Ra3 52. Be5 Ra5+ 53. Ke4 Ke6
54. Bf4 Ra4+ 55. Kf3 h5 56. Bc7 Kf5 57. Bd6 Rc4 58. Bb8 Rc3+ 59. Kf2 Kg4 60. Bd6
Rc2+ 61. Kg1 Kf3 0-1

[Event "4NCL 2012-13"]
[Site "Sunningdale ENG"]
[Date "2012.11.04"]
[Round "2.137"]
[White "Purdon, Colin"]
[Black "Granat, Russell G"]
[Result "1-0"]
[WhiteElo "2099"]
[BlackElo "2218"]
[WhiteTeam "BCM"]
[BlackTeam "Guildford"]
[WhiteFideId "408581"]
[BlackFideId "401714"]
[EventDate "2012.11.03"]

1. d4 d5 2. c4 Bf5 3. cxd5 Bxb1 4. Qa4+ c6 5. Rxb1 Qxd5 6. Nf3 Nd7 7. e3 e6 8.
b4 b5 9. Qc2 f5 10. Bd3 Ngf6 11. Bd2 Bd6 12. O-O O-O 13. Rfc1 Rac8 14. a4 a6 15.
Qb3 Ne4 16. Qxd5 exd5 17. Be1 g6 18. Ra1 Nb6 19. axb5 axb5 20. Ra6 Nc4 21. g3 h6
22. h4 Kg7 23. Ne5 Rc7 24. Bxc4 bxc4 25. Nxc6 c3 26. b5 Rb7 27. b6 Rc8 28. Na5
Rbb8 29. b7 Rc7 30. Kg2 Bb4 31. f3 Nf6 32. Nc6 Rbxb7 33. Nd8 c2 34. Bxb4 1-0

[Event "4NCL 2012-13"]
[Site "Sunningdale ENG"]
[Date "2012.11.04"]
[Round "2.138"]
[White "Sarakauskiene, Zivile"]
[Black "Yurenok, Maria S"]
[Result "1/2-1/2"]
[WhiteTitle "WIM"]
[BlackTitle "WFM"]
[WhiteElo "2189"]
[BlackElo "2041"]
[WhiteTeam "Guildford"]
[BlackTeam "BCM"]
[WhiteFideId "12800864"]
[BlackFideId "409359"]
[EventDate "2012.11.03"]

1. e4 c5 2. Nf3 e6 3. d4 cxd4 4. Nxd4 Nc6 5. Nc3 Qc7 6. Be2 a6 7. O-O Nf6 8. a3
Nxd4 9. Qxd4 Bd6 10. Kh1 Be5 11. Qd3 Bxc3 12. bxc3 b5 13. f3 Bb7 14. c4 bxc4 15.
Qxc4 Qxc4 16. Bxc4 Rc8 17. Bd3 d5 18. exd5 Bxd5 19. Bxa6 Rxc2 20. Bb5+ Bc6 21.
a4 O-O 22. Bd3 Rc3 23. Rd1 Nd5 24. Bb2 Rb3 25. Rd2 Rfb8 26. Be5 Ra8 27. a5 f6
28. Bd4 Rb4 29. Kg1 Rxd4 30. Bxh7+ Kxh7 31. Rxd4 Ra6 32. Kf2 Kg6 33. Rc4 Ne7 34.
Rc5 Bd5 35. Rb1 Nc6 36. Rb6 Rxb6 37. axb6 Nd8 38. Ke3 f5 39. g3 Kf6 40. f4 g6
41. Rc7 Nb7 42. Kd4 Bf3 43. h4 1/2-1/2

[Event "4NCL 2012-13"]
[Site "Sunningdale ENG"]
[Date "2012.11.04"]
[Round "2.141"]
[White "Moskovic, David M"]
[Black "Roberson, Peter T"]
[Result "0-1"]
[WhiteTitle "FM"]
[BlackTitle "FM"]
[WhiteElo "2342"]
[BlackElo "2357"]
[WhiteTeam "Cambridge University"]
[BlackTeam "Sambuca Sharks & Sons of Anarchy"]
[WhiteFideId "404535"]
[BlackFideId "412384"]
[EventDate "2012.11.03"]

1. e4 e6 2. d4 d5 3. e5 c5 4. c3 Nc6 5. Nf3 Bd7 6. Be2 Nge7 7. Na3 cxd4 8. cxd4
Nf5 9. Nc2 Qb6 10. O-O Be7 11. Bd3 a5 12. Bxf5 exf5 13. Bg5 O-O 14. Bxe7 Nxe7
15. Qd2 Rfc8 16. Na3 f4 17. h3 h6 18. Nb1 g5 19. Nc3 Rc4 20. a3 Bf5 21. Rfe1
Rac8 22. Rad1 Qc6 23. Rc1 b5 24. Ne2 Qb6 25. Rc3 Be4 26. Nh2 b4 27. axb4 axb4
28. Rxc4 Rxc4 29. Rc1 Kg7 30. Ng4 Nf5 31. Nf6 0-1

[Event "4NCL 2012-13"]
[Site "Sunningdale ENG"]
[Date "2012.11.04"]
[Round "2.143"]
[White "Alfred, Nathan S W"]
[Black "Sreeves, Clement"]
[Result "1-0"]
[WhiteTitle "FM"]
[WhiteElo "2260"]
[BlackElo "2223"]
[WhiteTeam "Cambridge University"]
[BlackTeam "Sambuca Sharks & Sons of Anarchy"]
[WhiteFideId "407739"]
[BlackFideId "2402564"]
[EventDate "2012.11.03"]

1. d4 Nf6 2. Nf3 g6 3. c4 Bg7 4. Nc3 O-O 5. e4 d6 6. Be2 e5 7. O-O exd4 8. Nxd4
Re8 9. f3 c6 10. Nc2 Na6 11. Kh1 Nc7 12. Bg5 d5 13. cxd5 cxd5 14. Nb4 Qd6 15.
Bxf6 Bxf6 16. Nbxd5 Nxd5 17. Qxd5 Qb4 18. Qb5 Qxb5 19. Bxb5 Rd8 20. f4 Rd2 21.
e5 Be7 22. b3 Bf5 23. Rad1 Rad8 24. Bc4 R8d4 25. Rxd2 Rxd2 26. Rd1 Rc2 27. Nd5
Kf8 28. Ne3 Rxa2 29. Nxf5 gxf5 30. g3 h5 31. Bd3 Rb2 32. Rb1 Rxb1+ 33. Bxb1 h4
34. Bxf5 hxg3 35. hxg3 a5 36. Bd3 Bb4 37. Kg2 Be1 38. Kf3 Ke7 39. g4 Bd2 40. Ke4
Bc1 41. Bc4 Bd2 42. Kf5 b6 43. g5 Bc1 44. Kg4 Bd2 45. f5 1-0

[Event "4NCL 2012-13"]
[Site "Sunningdale ENG"]
[Date "2012.11.04"]
[Round "2.144"]
[White "Williams, Samuel G"]
[Black "Bisby, Daniel L"]
[Result "0-1"]
[BlackTitle "FM"]
[WhiteElo "2253"]
[BlackElo "2288"]
[WhiteTeam "Sambuca Sharks & Sons of Anarchy"]
[BlackTeam "Cambridge University"]
[WhiteFideId "410977"]
[BlackFideId "404586"]
[EventDate "2012.11.03"]

1. d4 Nf6 2. c4 g6 3. Nc3 Bg7 4. e4 d6 5. Nf3 O-O 6. Be2 Nbd7 7. O-O e5 8. Be3
Re8 9. d5 Nh5 10. Re1 Bf8 11. Nd2 Ng7 12. b4 Be7 13. Nb3 f5 14. f3 Bh4 15. Rf1
f4 16. Bf2 Bxf2+ 17. Rxf2 Nf6 18. c5 h5 19. Rc1 g5 20. Bf1 g4 21. Rfc2 Re7 22.
Qe1 Nge8 23. Kf2 Rg7 24. Ke2 Nh7 25. Kd1 Ng5 26. Nd2 Bd7 27. c6 bxc6 28. dxc6
Be6 29. Nd5 Nf6 30. Bc4 Nxd5 31. exd5 Bf5 32. Rc3 Qb8 33. Qf2 gxf3 34. gxf3 Nh3
35. Qh4 Qb6 36. Bf1 Qg1 37. Qxh5 Rf8 38. Qh4 Rh7 0-1

[Event "4NCL 2012-13"]
[Site "Sunningdale ENG"]
[Date "2012.11.04"]
[Round "2.145"]
[White "Karayiannis, Costas"]
[Black "Varnam, Liam D"]
[Result "1/2-1/2"]
[WhiteElo "2170"]
[BlackElo "2140"]
[WhiteTeam "Cambridge University"]
[BlackTeam "Sambuca Sharks & Sons of Anarchy"]
[WhiteFideId "405183"]
[BlackFideId "410950"]
[EventDate "2012.11.03"]

1. d4 d5 2. c4 dxc4 3. Nf3 Nf6 4. e3 e6 5. Bxc4 c5 6. O-O a6 7. Bb3 b5 8. a4 b4
9. e4 cxd4 10. Nbd2 Nc6 11. e5 Nd7 12. Nc4 Nc5 13. Bg5 Qc7 14. Rc1 Bb7 15. Re1
Nxb3 16. Qxb3 Bc5 17. Ncd2 Be7 18. Ne4 O-O 19. Qd3 h6 20. Nf6+ gxf6 21. exf6
Bxf6 22. Bxf6 Qf4 23. Bxd4 1/2-1/2

[Event "4NCL 2012-13"]
[Site "Sunningdale ENG"]
[Date "2012.11.04"]
[Round "2.146"]
[White "Murphy, Hugh W"]
[Black "Churm, Rohan M"]
[Result "1/2-1/2"]
[WhiteElo "2152"]
[BlackElo "2169"]
[WhiteTeam "Sambuca Sharks & Sons of Anarchy"]
[BlackTeam "Cambridge University"]
[WhiteFideId "422444"]
[BlackFideId "405566"]
[EventDate "2012.11.03"]

1. e4 e6 2. c4 d5 3. cxd5 exd5 4. exd5 Qxd5 5. Nc3 Qd8 6. d4 Nf6 7. Bc4 Be7 8.
Nf3 O-O 9. h3 c6 10. O-O Nbd7 11. Re1 Nb6 12. Bb3 Nbd5 13. Bg5 Be6 14. Bc2 g6
15. Ne5 Nxc3 16. bxc3 Nd5 17. Bxe7 Qxe7 18. Qf3 Qf6 19. Qxf6 1/2-1/2

[Event "4NCL 2012-13"]
[Site "Sunningdale ENG"]
[Date "2012.11.04"]
[Round "2.147"]
[White "Spencer, Carl J"]
[Black "Edwards, Jonathan"]
[Result "1-0"]
[WhiteElo "2205"]
[BlackElo "2076"]
[WhiteTeam "Cambridge University"]
[BlackTeam "Sambuca Sharks & Sons of Anarchy"]
[WhiteFideId "412171"]
[BlackFideId "2402912"]
[EventDate "2012.11.03"]

1. e4 e5 2. Nf3 Nc6 3. d4 exd4 4. Nxd4 Bc5 5. Nb3 Bb6 6. Nc3 Qf6 7. Qe2 Nge7 8.
Be3 O-O 9. O-O-O d6 10. Kb1 Be6 11. f4 Bg4 12. Qxg4 Bxe3 13. g3 a5 14. a4 Nd4
15. Bc4 Nxb3 16. Bxb3 Bd4 17. Nb5 Bb6 18. Rd3 Nc6 19. c3 Rfe8 20. Qf3 Re7 21.
Rd5 Rae8 22. Rf5 Qg6 23. h4 Rxe4 24. Bxf7+ Qxf7 25. Rxf7 Kxf7 26. h5 h6 27. Qg4
R8e6 28. Qf5+ Kg8 29. Qd5 Kh7 30. f5 Ne7 31. Qxe6 Rxe6 32. fxe6 Kg8 33. Rf1 Nd5
34. Rf7 1-0

[Event "4NCL 2012-13"]
[Site "Sunningdale ENG"]
[Date "2012.11.04"]
[Round "2.148"]
[White "York-Andersen, Anna"]
[Black "Chevannes, Sabrina L"]
[Result "0-1"]
[BlackTitle "WFM"]
[WhiteElo "1813"]
[BlackElo "2083"]
[WhiteTeam "Sambuca Sharks & Sons of Anarchy"]
[BlackTeam "Cambridge University"]
[WhiteFideId "416789"]
[BlackFideId "411280"]
[EventDate "2012.11.03"]

1. e4 c6 2. d4 d5 3. exd5 cxd5 4. Bd3 Nc6 5. c3 a6 6. h3 Nf6 7. Bf4 e6 8. Nf3
Nh5 9. Bh2 Bd6 10. Bxd6 Qxd6 11. O-O Nf4 12. Bc2 f6 13. Re1 O-O 14. Nbd2 Bd7 15.
Bb1 Rac8 16. Qc2 g6 17. a3 e5 18. dxe5 fxe5 19. Ba2 Kh8 20. Rad1 Nd4 21. Nxd4
exd4 22. Nb1 d3 23. Qd2 Bxh3 24. g3 Ne2+ 25. Rxe2 dxe2 26. Qxe2 Rce8 27. Qd2 Bg4
28. Qd4+ Qf6 29. Qxf6+ Rxf6 30. Rxd5 Re1+ 31. Kh2 Rxf2# 0-1

[Event "4NCL 2012-13"]
[Site "Sunningdale ENG"]
[Date "2012.11.03"]
[Round "1.151"]
[White "Ghasi, Ameet K"]
[Black "Jones, Gawain C B"]
[Result "1/2-1/2"]
[WhiteTitle "IM"]
[BlackTitle "GM"]
[WhiteElo "2434"]
[BlackElo "2644"]
[WhiteTeam "Warwickshire Select"]
[BlackTeam "Guildford"]
[WhiteFideId "409200"]
[BlackFideId "409561"]
[EventDate "2012.11.03"]

1. Nf3 Nf6 2. g3 b6 3. Bg2 Bb7 4. O-O g6 5. d4 Bg7 6. c4 O-O 7. b3 c5 8. Bb2 e6
9. Nbd2 d6 10. Qc2 Nc6 11. e4 cxd4 12. Nxd4 Rc8 13. Rac1 Qe7 14. Rfd1 Rfd8 15.
Nxc6 Bxc6 16. e5 Ne8 17. Bxc6 Rxc6 18. exd6 Nxd6 19. Ba3 Qe8 20. Nf3 h5 21. Qd2
Bf6 22. Qf4 Nf5 23. h3 Bg7 24. Qe4 Rc7 25. g4 hxg4 26. hxg4 Ne7 27. Ne5 Rxd1+
28. Rxd1 Nc6 29. Nxc6 1/2-1/2

[Event "4NCL 2012-13"]
[Site "Sunningdale ENG"]
[Date "2012.11.03"]
[Round "1.152"]
[White "Van Kampen, Robin"]
[Black "Thomas, Nicholas"]
[Result "1-0"]
[WhiteTitle "GM"]
[BlackTitle "FM"]
[WhiteElo "2574"]
[BlackElo "2283"]
[WhiteTeam "Guildford"]
[BlackTeam "Warwickshire Select"]
[WhiteFideId "1020854"]
[BlackFideId "402117"]
[EventDate "2012.11.03"]

1. e4 e6 2. d4 d5 3. Nc3 Bb4 4. e5 c5 5. a3 Bxc3+ 6. bxc3 Qc7 7. Nf3 b6 8. Bb5+
Bd7 9. Bd3 Ba4 10. O-O Ne7 11. Ng5 h6 12. Qh5 g6 13. Qh4 c4 14. Nxf7 Rh7 15. Ng5
hxg5 16. Qxh7 cxd3 17. cxd3 Bc2 18. Bxg5 Bxd3 19. Rfd1 Bc2 20. Rdc1 Bb3 21. Qh8+
Kd7 22. Bxe7 Kxe7 23. Qf6+ Ke8 24. Qxe6+ Qe7 25. Qxg6+ Kd7 26. f4 Nc6 27. f5 Rf8
28. Qg4 Kc7 29. Rf1 Bc4 30. Rf2 Qh7 31. f6 Rg8 32. Qf4 Qe4 33. e6+ Kb7 34. Qxe4
dxe4 35. e7 1-0

[Event "4NCL 2012-13"]
[Site "Sunningdale ENG"]
[Date "2012.11.03"]
[Round "1.153"]
[White "Wu, Li"]
[Black "Hebden, Mark L"]
[Result "0-1"]
[BlackTitle "GM"]
[WhiteElo "2339"]
[BlackElo "2540"]
[WhiteTeam "Warwickshire Select"]
[BlackTeam "Guildford"]
[WhiteFideId "411086"]
[BlackFideId "400084"]
[EventDate "2012.11.03"]

1. d4 Nf6 2. c4 g6 3. Nc3 Bg7 4. e4 d6 5. Be2 O-O 6. Nf3 e5 7. O-O Nc6 8. d5 Ne7
9. Ne1 Nd7 10. Nd3 f5 11. Bd2 Nf6 12. f3 f4 13. c5 g5 14. cxd6 cxd6 15. Nf2 Ng6
16. Rc1 Rf7 17. Nb5 Ne8 18. Qc2 Bd7 19. a4 h5 20. Qb3 Bf8 21. Rc3 a6 22. Na3 Rg7
23. h3 Rb8 24. Rfc1 Nh8 25. Qd1 Nf7 26. a5 Nh6 27. Nc4 g4 28. fxg4 hxg4 29. hxg4
Be7 30. Nb6 Bh4 31. Nxd7 Bxf2+ 32. Kxf2 Qxd7 33. Rh3 Nf7 34. Bf3 Nf6 35. Rh4 Ng5
36. Qc2 Rh7 37. Rxh7 Qxh7 38. Bb4 Nfxe4+ 39. Kg1 Rd8 40. Qc7 Nf7 41. Be1 Neg5
42. Qxb7 e4 43. Bd1 e3 44. Qe7 Rf8 45. Bc2 Qh6 46. Bf5 f3 47. gxf3 Nh3+ 48. Kh2
Nf2+ 49. Kg3 Qh3+ 50. Kf4 Ne5 51. Rc7 Qxf3+ 52. Kg5 Rxf5+ 53. gxf5 Ne4+ 54. Kh6
Qf4+ 55. Kh5 Qxf5+ 56. Kh6 Ng4# 0-1

[Event "4NCL 2012-13"]
[Site "Sunningdale ENG"]
[Date "2012.11.03"]
[Round "1.154"]
[White "Plaskett, H James"]
[Black "Pitcher, John"]
[Result "1-0"]
[WhiteTitle "GM"]
[WhiteElo "2495"]
[BlackElo "2226"]
[WhiteTeam "Guildford"]
[BlackTeam "Warwickshire Select"]
[WhiteFideId "400238"]
[BlackFideId "411485"]
[EventDate "2012.11.03"]

1. Nc3 c5 2. Nf3 Nc6 3. d4 cxd4 4. Nxd4 Qc7 5. Ndb5 Qb8 6. Nd5 Nf6 7. Nbc7+ Kd8
8. Nxa8 Qxa8 9. Nxf6 gxf6 10. g3 b6 11. Bg2 Bb7 12. O-O h5 13. Bf4 h4 14. Qd2
Ke8 15. Rad1 d6 16. c4 f5 17. Qe3 hxg3 18. fxg3 Kd7 19. c5 bxc5 20. Qxc5 1-0

[Event "4NCL 2012-13"]
[Site "Sunningdale ENG"]
[Date "2012.11.03"]
[Round "1.155"]
[White "Mason, Donald J"]
[Black "Smerdon, David"]
[Result "0-1"]
[BlackTitle "GM"]
[WhiteElo "2222"]
[BlackElo "2498"]
[WhiteTeam "Warwickshire Select"]
[BlackTeam "Guildford"]
[WhiteFideId "405116"]
[BlackFideId "3202305"]
[EventDate "2012.11.03"]

1. d4 Nf6 2. c4 c5 3. d5 e5 4. Nc3 d6 5. e4 Nbd7 6. g3 g6 7. Bg2 Bg7 8. Nf3 O-O
9. O-O a6 10. a4 Rb8 11. Ne1 Ne8 12. Nd3 Nc7 13. f4 b5 14. axb5 axb5 15. cxb5
Nxb5 16. Nxb5 Rxb5 17. f5 c4 18. Nf2 Nc5 19. Ng4 Nb3 20. Ra4 h5 21. Nh6+ Kh7 22.
fxg6+ fxg6 23. Nf7 Qb6+ 24. Kh1 Nxc1 25. Qxc1 Rxb2 26. Rxc4 Bg4 27. Rc7 Kg8 28.
Re7 Be2 29. Nh6+ Bxh6 0-1

[Event "4NCL 2012-13"]
[Site "Sunningdale ENG"]
[Date "2012.11.03"]
[Round "1.156"]
[White "Sarakauskas, Gediminas"]
[Black "Stepanyan, Henrik"]
[Result "1-0"]
[WhiteTitle "IM"]
[WhiteElo "2408"]
[BlackElo "2016"]
[WhiteTeam "Guildford"]
[BlackTeam "Warwickshire Select"]
[WhiteFideId "12800724"]
[BlackFideId "401030"]
[EventDate "2012.11.03"]

1. c4 e6 2. g3 Nf6 3. Bg2 d5 4. Nf3 Be7 5. O-O O-O 6. d4 c5 7. dxc5 Bxc5 8. Nc3
dxc4 9. Qa4 Nd5 10. Qxc4 Nxc3 11. Qxc3 Qb6 12. b3 Bd7 13. Bb2 f6 14. Rac1 Na6
15. Nd2 Rac8 16. Nc4 Qc7 17. Na5 Qb6 18. Qd2 Rc7 19. a3 Bc6 20. Nxc6 bxc6 21.
Qd3 Be7 22. Qc4 c5 23. Rfd1 Kh8 24. Be4 Nb8 25. Bc2 Qc6 26. Rd3 f5 27. Re3 Qd5
28. Bd3 f4 29. Rxe6 Qh5 30. Be5 fxg3 31. hxg3 Bg5 32. Bxc7 Bxc1 33. Qxc1 Qf7 34.
Qf4 1-0

[Event "4NCL 2012-13"]
[Site "Sunningdale ENG"]
[Date "2012.11.03"]
[Round "1.157"]
[White "Lam, Paul G M"]
[Black "Suarez Real, Alberto"]
[Result "1/2-1/2"]
[BlackTitle "FM"]
[WhiteElo "2123"]
[BlackElo "2408"]
[WhiteTeam "Warwickshire Select"]
[BlackTeam "Guildford"]
[WhiteFideId "411566"]
[BlackFideId "2218534"]
[EventDate "2012.11.03"]

1. e4 c5 2. Nf3 Nc6 3. Bb5 Nf6 4. Bxc6 dxc6 5. d3 Bg4 6. Nbd2 Nd7 7. b3 e5 8.
Bb2 Qc7 9. Nc4 f6 10. Ne3 Be6 11. Qe2 g6 12. Nd2 Be7 13. h4 h5 14. g3 Bf7 15.
Ng2 Nf8 16. f4 Ne6 17. Qf2 Nd4 18. Ne3 exf4 19. gxf4 Bd6 20. Rf1 O-O-O 21. O-O-O 1/2-1/2

[Event "4NCL 2012-13"]
[Site "Sunningdale ENG"]
[Date "2012.11.03"]
[Round "1.158"]
[White "Lalic, Susan K"]
[Black "Roy, Ali"]
[Result "1-0"]
[WhiteTitle "IM"]
[WhiteElo "2257"]
[BlackElo "1857"]
[WhiteTeam "Guildford"]
[BlackTeam "Warwickshire Select"]
[WhiteFideId "401510"]
[BlackFideId "2400456"]
[EventDate "2012.11.03"]

1. b4 d5 2. e3 Nf6 3. Nf3 Bg4 4. h3 Bh5 5. Be2 e6 6. a3 c5 7. bxc5 Bxc5 8. Bb2
O-O 9. c4 Nc6 10. cxd5 Nxd5 11. d4 Be7 12. O-O Rc8 13. Nbd2 Qc7 14. Rc1 Qb8 15.
Nb3 Rfd8 16. Nfd2 Bxe2 17. Qxe2 e5 18. Nf3 Bf6 19. dxe5 Nxe5 20. Bxe5 Bxe5 21.
Rxc8 Rxc8 22. Qb5 Rd8 23. Nxe5 Qxe5 24. Rd1 Rd6 25. Qxb7 g6 26. Qxa7 Nc7 27.
Rxd6 Qxd6 28. Nd4 Nd5 29. a4 Nb4 30. a5 f5 31. Qb6 Qxb6 32. axb6 Na6 33. Kf1 Nb8
34. Ke2 Kf7 35. Kd3 Ke7 36. Kc4 Kd6 37. Kb5 h6 38. h4 Kd7 39. h5 1-0

[Event "4NCL 2012-13"]
[Site "Sunningdale ENG"]
[Date "2012.11.03"]
[Round "1.161"]
[White "Franklin, Samuel G A"]
[Black "Hunt, Adam C"]
[Result "1-0"]
[WhiteTitle "FM"]
[BlackTitle "IM"]
[WhiteElo "2322"]
[BlackElo "2431"]
[WhiteTeam "Barbican 4NCL"]
[BlackTeam "Blackthorne Russia"]
[WhiteFideId "468576"]
[BlackFideId "403970"]
[EventDate "2012.11.03"]

1. e4 e6 2. d4 d5 3. Nc3 Bb4 4. e5 Ne7 5. a3 Bxc3+ 6. bxc3 c5 7. Qg4 Qc7 8. Qxg7
Rg8 9. Qxh7 cxd4 10. Ne2 Nbc6 11. f4 dxc3 12. Qd3 d4 13. Nxd4 Nxd4 14. Qxd4 Bd7
15. Rg1 Nf5 16. Qf2 Qc6 17. Bd3 Qd5 18. Rb1 Bc6 19. Rb3 O-O-O 20. Rxc3 Kb8 21.
g4 Nd4 22. Rg3 Qh1+ 23. Bf1 Rd7 24. Be3 Rgd8 25. Rd3 Nf3+ 26. Rxf3 Bxf3 27.
Bxa7+ Ka8 28. Qxf3 Qxf3 29. Rxf3 Rd1+ 30. Kf2 R8d2+ 31. Ke3 Rxc2 32. Bd4 Ra2 33.
Bc5 Re1+ 34. Kd4 Rd1+ 35. Bd3 Rxh2 36. f5 b6 37. Bb4 Kb7 38. fxe6 fxe6 39. Ke3
Rg2 40. Be4+ Kc7 41. Rf7+ 1-0